Detalles MARC
| 000 -CABECERA |
| campo de control de longitud fija |
02251nam a2200373 a 4500 |
| 001 - NÚMERO DE CONTROL |
| campo de control |
000003538 |
| 003 - IDENTIFICADOR DEL NÚMERO DE CONTROL |
| campo de control |
DO-SdBNP |
| 005 - FECHA Y HORA DE LA ÚLTIMA TRANSACCIÓN |
| campo de control |
20220831150051.0 |
| 007 - CAMPO FIJO DE DESCRIPCIÓN FÍSICA--INFORMACIÓN GENERAL |
| campo de control de longitud fija |
ta |
| 008 - DATOS DE LONGITUD FIJA--INFORMACIÓN GENERAL |
| campo de control de longitud fija |
110712s2009 dr ac 000 0 spa d |
| 020 ## - NÚMERO INTERNACIONAL ESTÁNDAR DEL LIBRO |
| Número Internacional Estándar del Libro |
9789945461435 (v. 1) |
| 020 ## - NÚMERO INTERNACIONAL ESTÁNDAR DEL LIBRO |
| Número Internacional Estándar del Libro |
9789945461443 (v. 2) |
| 020 ## - NÚMERO INTERNACIONAL ESTÁNDAR DEL LIBRO |
| Número Internacional Estándar del Libro |
9789945461451 (v. 3) |
| 020 ## - NÚMERO INTERNACIONAL ESTÁNDAR DEL LIBRO |
| Número Internacional Estándar del Libro |
978994546146X (v. 4) |
| 040 ## - FUENTE DE LA CATALOGACIÓN |
| Centro catalogador/agencia de origen |
DO-SdBNP |
| Lengua de catalogación |
spa |
| Centro/agencia transcriptor |
BNPHU |
| 082 #4 - NÚMERO DE LA CLASIFICACIÓN DECIMAL DEWEY |
| Número de documento/Ítem |
G633L |
| Número de edición |
22 |
| 100 1# - ENTRADA PRINCIPAL--NOMBRE DE PERSONA |
| Nombre de persona |
Gómez, Fiume |
| 9 (RLIN) |
10953 |
| 245 10 - MENCIÓN DE TÍTULO |
| Título |
Lengua española : |
| Resto del título |
educación básica / |
| Mención de responsabilidad, etc. |
Fiume Gómez ; producción editorial María del Jesús de la Rosa ; ilustración Ramón Sandoval. |
| 260 ## - PUBLICACIÓN, DISTRIBUCIÓN, ETC. |
| Lugar de publicación, distribución, etc. |
Santo Domingo : |
| Nombre del editor, distribuidor, etc. |
Actualidad Escolar, |
| Fecha de publicación, distribución, etc. |
2009. |
| 300 ## - DESCRIPCIÓN FÍSICA |
| Extensión |
8 v. : |
| Otras características físicas |
il., retrs. ; |
| Dimensiones |
28 cm. |
| 500 ## - NOTA GENERAL |
| Nota general |
La biblioteca solamente posee los volumenes del 1 al 4. |
| 500 ## - NOTA GENERAL |
| Nota general |
Cada volumen incluye el libro del maestro. |
| 500 ## - NOTA GENERAL |
| Nota general |
La biblioteca solamente posee los volumenes 1, 3 y 4, volumen 2 y 4 solamente el libro del maestro. |
| 500 ## - NOTA GENERAL |
| Nota general |
La biblioteca posee la edición revisada y actualizada en febrero del 2010 de los volumenes 3 y 4. |
| 505 0# - NOTA DE CONTENIDO CON FORMATO |
| Nota de contenido con formato |
v. 1 : |
| Información miscelánea |
unidad 1 -- |
| Título |
A la escuela -- |
| Información miscelánea |
unidad 2 -- |
| Título |
Mi familia -- |
| Información miscelánea |
unidad 3 -- |
| Título |
Me relaciono co los demás -- |
| Información miscelánea |
unidad 4 -- |
| Título |
Llegó la navidad -- |
| Información miscelánea |
unidad 5 -- |
| Título |
Conozco mi comunidad -- |
| Información miscelánea |
unidad 6 -- |
| Título |
Todos trabajamos por la patria -- |
| Información miscelánea |
unidad 7 -- |
| Título |
Me comunico -- |
| 505 0# - NOTA DE CONTENIDO CON FORMATO |
| Nota de contenido con formato |
v. 2 : |
| Información miscelánea |
unidad 1 -- |
| Título |
De regreso a la escuela -- |
| Información miscelánea |
unidad 2 -- |
| Título |
Medio ambiente -- |
| Información miscelánea |
unidad 3 -- |
| Título |
El gato con botas -- |
| Información miscelánea |
unidad 4 -- |
| Título |
La lagartija preocupada -- |
| Información miscelánea |
unidad 5 -- |
| Título |
Descubro mi entorno -- |
| Información miscelánea |
unidad 6 -- |
| Título |
Conoce tu pasado -- |
| Información miscelánea |
unidad 7 -- |
| Título |
Expreso mis ideas -- |
| Información miscelánea |
unidad 8 -- |
| Título |
La bobina maravillosa -- |
| 505 0# - NOTA DE CONTENIDO CON FORMATO |
| Nota de contenido con formato |
v. 3 : |
| Título |
Lectura de entrada -- |
| -- |
Vocabulario -- |
| -- |
Me expreso de formas diferentes -- |
| -- |
Para escribir -- |
| -- |
Estudio mi lengua -- |
| -- |
Me expreso de formas diferentes -- |
| -- |
Valor -- |
| -- |
Me divierto -- |
| 505 0# - NOTA DE CONTENIDO CON FORMATO |
| Nota de contenido con formato |
v. 4 : |
| Título |
Lectura de entrada -- |
| -- |
Vocabulario -- |
| -- |
Me expreso de formas diferentes -- |
| -- |
Para escribir -- |
| -- |
Estudio mi lengua -- |
| -- |
Me expreso de formas diferentes -- |
| -- |
Valor -- |
| -- |
Me divierto. |
| 590 ## - NOTA LOCAL (RLIN) |
| Nota local |
Inventariado, 2022 / DG |
| 700 1# - PUNTO DE ACCESO ADICIONAL--NOMBRE DE PERSONA |
| Nombre de persona |
Rosa, María del Jesús de la, |
| Término indicativo de función/relación |
prod. ed. |
| 9 (RLIN) |
10954 |
| 700 1# - PUNTO DE ACCESO ADICIONAL--NOMBRE DE PERSONA |
| Nombre de persona |
Sandoval, Ramón, |
| Término indicativo de función/relación |
il. |
| 9 (RLIN) |
10955 |
| 910 ## - DATOS DE OPCIÓN DEL USUARIO (OCLC) |
| Datos de opción del usuario |
DG |
| 942 ## - ELEMENTOS DE PUNTO DE ACCESO ADICIONAL (KOHA) |
| Fuente del sistema de clasificación o colocación |
Dewey Decimal Classification |
| Tipo de ítem Koha |
Libro |